000 00436nam a2200181Ia 4500
001 10294
005 20260306161821.0
008 260306t2003||||xx |||||||||||||| ||spa||
041 _aESP
082 _a918
_bC66
100 _aSabato, Hilda
_eAUT
245 0 _aCiudadanía política y formación de las naciones
260 _c2003
300 _a449 páginas :
_ccm.
650 _aGEN
654 _aCHU
942 _cLIB
_dJUS
_fJUS
_2ddc
_n
999 _c10294
_d10294